00678cam a22002291 4500001001300000003000400013005001700017008004100034010001700075035002000092040001700112042001200129050002300141100003600164245007600200250002300276260008300299300001800382500001300400500001800413999001700431sa 68002352 DLC20260227112442.0831230s1967 ii 000 0 hin  asa 68002352  a(OCoLC)21645794 aDLCcCUdDLC apremarc00aPK2098.39.I495bS21 aSiṃha, Dūdhanātha,d1936-10aSapāṭa cehare vālā ādamī.c[Lekhaka] Dūdhanātha Siṃha a[1. saṃskaraṇa aDillī]bAkshara Prakāśana; [mukhya vitaraka:bPustaka, Prasāra,c1967] a150 p.c19 cm aIn Hindi aShort stories c78650d78650